000 00768nam a22002057a 4500
999 _c3985
_d3985
001 3985
003 BD-JhCC
005 20180305123347.0
008 171120s1967 bg |||| |||| 000 0 ben d
035 _a(BD-JhCC)
040 _aBD-JhCC
_dBD-JhCC
041 _aben
082 _a540.3
_bROS 1967
245 _aরসায়ন-পরিভাষা-কোষ /
_cকেন্দ্রীয় বাঙলা-উন্নয়ন বোর্ড,
260 _aঢাকা:
_bকেন্দ্রীয় বাঙলা-উন্নয়ন বোর্ড,
_c১৯৬৭
300 _a63 p.;
_c24 cm
650 _aTerminology of Chemistry
710 _aকেন্দ্রীয় বাঙলা-উন্নয়ন বোর্ড,
942 _2ddc
_cREF